• 首页
  • 本馆介绍
  • 公告通知
  • 最新文献
  • 馆藏检索
  • 电子资源
  • 读者导购
  • 参考咨询
  • 我的图书馆
  • 登录
  • 详细信息显示
  • 放入我的书架
  • 预约/预借图书
  • 作者相关作品
  • 分类相关作品
  • 丛书相关作品
  • 出版社相关作品

书目信息

  • 表格格式
  • 工作单格式
  • 卡片格式
题名:
银行客户分割营销
    
 
作者: 范云峰 , 张长建 著
分册:  
出版信息: 北京   中华工商联合出版社  2012
页数: 234页
开本: 24cm
丛书名:
单 册:
中图分类: F830.33
科图分类:
主题词: 商业银行--客户--营销对策 , 商业银行 , 客户 , 营销对策
电子资源:
ISBN: 978-7-5158-0197-1
000 01069nam0 22002771 450
001 523
005 20140909102157.42
010    @a978-7-5158-0197-1@dCNY39.80
100    @a20120821d2012 em y0chiy50 ea
101 0  @achi
102    @aCN@b110000
105    @ay z 000yy
106    @ar
200 1  @a银行客户分割营销@AYin Hang Ke Hu Fen Ge Ying Xiao@f范云峰,张长建著@FFan Yun Feng, Zhang Chang Jian Zhu
210    @a北京@c中华工商联合出版社@d2012
215    @a234页@d24cm
330    @a本书围绕银行营销板块进行整体构思和设计,运用大量专业理论、启发性故事、实战性案例和操作性图表,从营销视角考察银行,从银行视角考察营销,从市场视角考察银行营销,囊括银行营销战略、组织、产品、客户、渠道等诸多银行营销元素,将前瞻性的市场营销与银行转型等方面的理念与操作嵌入其中。
606 0  @a商业银行@x客户@x营销对策
606 0  @a商业银行
606 0  @a客户
606 0  @a营销对策
690    @aF830.33@v5
701  0 @a范云峰@AFan Yun Feng@f(1964.2~)@4著
701  0 @a张长建@AZhang Chang Jian@4著
801  0 @aCN@bTANGWEI@c20140603
905    @b0836868-70@dF830.33@e237@f3
    
    银行客户分割营销/范云峰,张长建著.-北京:中华工商联合出版社,2012
    234页;24cm
    
    
    ISBN 978-7-5158-0197-1:CNY39.80
    本书围绕银行营销板块进行整体构思和设计,运用大量专业理论、启发性故事、实战性案例和操作性图表,从营销视角考察银行,从银行视角考察营销,从市场视角考察银行营销,囊括银行营销战略、组织、产品、客户、渠道等诸多银行营销元素,将前瞻性的市场营销与银行转型等方面的理念与操作嵌入其中。
●
相关链接 在E读中查询图书 在五车中查询图书 在当当中查询图书 在豆瓣中查询图书


正题名:银行客户分割营销     索取号:F830.33/237         预约/预借

序号 登录号 条形码 馆藏地/架位号 状态 备注
1 0836868   208368684   第一样本阅览室/ [索取号:F830.33/237] 在馆    
2 0836869   208368693   密集书库-海洋学院/ [索取号:F830.33/237] 在馆    
3 0836870   208368700   第一借阅区/ [索取号:F830.33/237] 在馆    
唐山师范学院图书馆 欢迎您!
大连网信软件有限公司© 版权所有